Out of Africa Quiz Stats

 Plays Quiz Updated Jun 25, 2014

Support Sporcle.
Go Orange.
Score 0/11 Timer 01:00
2 Plays Today
% Correct
???
81.2%
???
78.1%
???
76.8%
???
71.6%
???
71.2%
???
67.6%
???
66.1%
???
65.1%
???
64.7%
???
60.2%
???
52.4%

You're not logged in!

Compare scores with friends on all Sporcle quizzes.
OR
Log In

From the Vault

Top 100 Bands (1989)

by Alex951998

To be a hit band in 1989 you didn't have to sing your own songs.
Remove Ads.
Support Sporcle.
Get the best of Sporcle when you Go Orange. This ad-free experience offers more features, more stats, and more fun while also helping to support Sporcle. Thank you for becoming a member.

Show Comments

Extras

Top Quizzes Today


Score Distribution

Your Account Isn't Verified!

In order to create a playlist on Sporcle, you need to verify the email address you used during registration. Go to your Sporcle Settings to finish the process.

Report this User

Report this user for behavior that violates our Community Guidelines.

Details: